Vrai ou faux sur Louis de Funès - Mort subite - Statistiques

Statistiques générales
  • Ce quiz a été pris 309 fois
  • Le résultat moyen est 2 sur 15
Answers on the Grid
Answers color-coded by a green-red scale on the quiz's grid according to % correct below.
Les parents de Louis de Funès sont d'origine portugaise.
Louis de Funès était un virtuose du violon.
Louis de Funès a dû attendre douze ans de carrière d'acteur avant d'arriver en tête d'affiche d'un film.
Louis de Funès a survécu à deux infarctus à neuf jours d'intervalle. Le troisième, près de huit ans plus tard, lui fut fatal.
Patrick, le fils de Louis de Funès, a tourné six films avec son père.
La pièce "La Valse des toréadors" que joua Louis de Funès sur près de 200 représentations et qui a entamé sa santé, a été écrite par Jean Anouilh.
La scène de la douche du Corniaud qui réunissait Louis de Funès et le catcheur Robert Duranton n'était pas prévue dans le scénario initial.
Le guide Duchemin du film L'Aile ou la cuisse est inspiré du guide Michelin.
Louis de Funès était un musicien aguerri au piano.
Sur sept années entre 1964 et 1979, un film avec Louis de Funès était en tête du box office français.
Louis de Funès était prévu pour donner la réplique à Gérard Depardieu dans Les Compères. Suite à son décès, il fut remplacé par Pierre Richard.
Louis de Funès a assisté à plusieurs reprises à une messe commémorant le décès de Louis XVI en date du 21 janvier.
Louis de Funès repose pour l'éternité au cimetière du Père Lachaise.
Les parents de Louis de Funès étaient d'origine espagnole.
Michel Galabru est l'acteur qui a le plus tourné avec Louis de Funès (10 films).
Louis de Funès a tourné dans des films dialogués par Michel Audiard, notamment dans un sketch des Bons Vivants.
Louis de Funès a acquis le château de Clermont au Cellier, près de Nantes, après le succès de La Grande vadrouille.
Olivier, le fils de Louis de Funès, a tourné dans six films avec son père.
En 1980, Louis de Funès reçut un César d'honneur des mains de Danny Kaye.
Jean Girault confia à Louis de Funès pour la première fois le premier rôle d'un film dans Pouic-Pouic.
Dans une scène du Corniaud coupée au montage, Louis de Funès donne la réplique à Edwige Feuillère jouant son propre rôle.
Yves Robert confia à Louis de Funès pour la première fois le premier rôle d'un film dans Ni vu, ni connu.
Louis de Funès a décroché à un rôle très court dans la superproduction américaine Le Jour le plus long.
En 1980, Louis de Funès reçut un César d'honneur des mains de Jerry Lewis.
Le projet de film de Gérard Oury "Le Crocodile" ne vit jamais le jour du fait des graves problèmes de santé de Louis de Funès.
Louis de Funès et la brigade des "Gendarmes de Saint Tropez" se sont embarqués sur le paquebot Normandie pour le voyage à New York du "Gendarme à New York".
Claude Gensac a joué le rôle d'épouse du personnage de Louis de Funès dans chacun des films qu'ils ont tourné ensemble.
Julia, la petite-fille de Louis de Funès, est philosophe et a notamment publié l'ouvrage "Le développement (im)personnel: Le succès d'une imposture".
 
Statistiques - réponses
Réponse % Correct
Louis de Funès a survécu à deux infarctus à neuf jours d'intervalle. Le troisième, près de huit ans plus tard, lui fut fatal.
72%
Louis de Funès a dû attendre douze ans de carrière d'acteur avant d'arriver en tête d'affiche d'un film.
70%
La scène de la douche du Corniaud qui réunissait Louis de Funès et le catcheur Robert Duranton n'était pas prévue dans le scénario initial.
29%
La pièce "La Valse des toréadors" que joua Louis de Funès sur près de 200 représentations et qui a entamé sa santé, a été écrite par Jean Anouilh.
14%
Louis de Funès était un musicien aguerri au piano.
13%
Les parents de Louis de Funès étaient d'origine espagnole.
8%
Olivier, le fils de Louis de Funès, a tourné dans six films avec son père.
8%
Sur sept années entre 1964 et 1979, un film avec Louis de Funès était en tête du box office français.
8%
Julia, la petite-fille de Louis de Funès, est philosophe et a notamment publié l'ouvrage "Le développement (im)personnel: Le succès d'une imposture".
5%
En 1980, Louis de Funès reçut un César d'honneur des mains de Jerry Lewis.
3%
Le projet de film de Gérard Oury "Le Crocodile" ne vit jamais le jour du fait des graves problèmes de santé de Louis de Funès.
3%
Louis de Funès a acquis le château de Clermont au Cellier, près de Nantes, après le succès de La Grande vadrouille.
3%
Louis de Funès a assisté à plusieurs reprises à une messe commémorant le décès de Louis XVI en date du 21 janvier.
3%
Louis de Funès a tourné dans des films dialogués par Michel Audiard, notamment dans un sketch des Bons Vivants.
2%
Yves Robert confia à Louis de Funès pour la première fois le premier rôle d'un film dans Ni vu, ni connu.
1%
Aucun quiz correspondant
Distribution des résultats
% des personnes avec chaque résultat
Percentile par nombre de réponses
Votre historique - résultats
Vous n’avez pas pris ce quiz